000 00570cam a22002291 4500
001 sa 68008154
003 DLC
005 20260227112529.0
008 940803s1963 ii 000 0 gujo
010 _asa 68008154
025 _aPL480:I-Gu-1138
035 _a(OCoLC)30877852
040 _aDLC
_cCU
_dCU
_dDLC
042 _apremarc
050 0 0 _aPK1859.L8
_bU5 1963
100 0 _aSundaram,
_d1908-1991.
245 1 0 _aUnnayana.
260 _c[1963]
300 _a249 p.
_c19 cm.
500 _aIn Gujarati.
500 _aSeries romanized: Saṃskāra granthāvali.
999 _c82276
_d82276